| 000 | 00520nam a2200181Ia 4500 | ||
|---|---|---|---|
| 005 | 20250423100346.0 | ||
| 008 | 250422s9999 xx 000 0 und d | ||
| 020 | _a9781032307923 | ||
| 050 | _aRA 566 .N66/ | ||
| 100 | _aEdited by Banatvala, Nick | ||
| 245 | 0 | _aNoncommunicable diseases | |
| 260 | _aNew York | ||
| 260 | _bRoutledge | ||
| 260 | _c2023 | ||
| 300 | _axxxiii, 454p.: ill. | ||
| 650 | _aNoncommunicable Diseases Chronic Disease Risk Factors Social Determinants of Health Global Health | ||
| 942 | _cBK | ||
| 999 |
_c33069 _d33069 |
||